_Early Childhood Education (Record no. 8128)
[ view plain ]
| 000 -LEADER | |
|---|---|
| fixed length control field | 00343nam a2200121Ia 4500 |
| 008 - FIXED-LENGTH DATA ELEMENTS--GENERAL INFORMATION | |
| fixed length control field | 151021s9999 xx 000 0 und d |
| 050 ## - LIBRARY OF CONGRESS CALL NUMBER | |
| Classification number | LB 1140.4. S 75 1998 |
| 245 ## - TITLE STATEMENT | |
| Title | _Early Childhood Education |
| 260 ## - PUBLICATION, DISTRIBUTION, ETC. (IMPRINT) | |
| Place of publication, distribution, etc. | New Delhi A P H Publishing Corporation |
| 300 ## - PHYSICAL DESCRIPTION | |
| Extent | 260pg. |
| 500 ## - GENERAL NOTE | |
| General note | Includes Index |
| 980 ## - EQUIVALENCE OR CROSS-REFERENCE-SERIES STATEMENT--PERSONAL NAME/TITLE [LOCAL, CANADA] | |
| Personal name | ^d20110907 05:29:30^okoech |
No items available.